| 000 | 00990nam a2200229 a 4500 | ||
|---|---|---|---|
| 001 | BRCA_8820 | ||
| 005 | 20190320210426.0 | ||
| 008 | 260417s1750----sp-#######---#000-0#spa-# | ||
| 041 | _aspa | ||
| 044 | _asp | ||
| 084 |
_aBE201 _b.C38 1750 |
||
| 100 | 1 |
_aCausino, Nicolas _d1538 - 1651 _921981 |
|
| 245 | 1 | 0 |
_aLa corte santa _cescrita en francés por el Rmo. P. Nicolas Causino...; traducida en castellano por D. Pedro Gonzalez de Godoy; tomo quince, en que se trata el reyno de Dios, o disertaciones sobre los libros de los Reyes. |
| 260 |
_aMadrid _bEn la Imprenta de Antonio Perez de Soto, calle de la Abada _c1750 |
||
| 300 |
_a[4], 406 p. (t.15) _c15.2 x 10 cm. |
||
| 500 | _aCon las aprobaciones, y licencias necesarias | ||
| 500 | _aEstado físico: presenta encuadernación en pergamino, con cintas rotas y lomo semi desprendido | ||
| 650 | 1 | 4 |
_aVida cristiana _yObras anteriores a 1800 _921266 |
| 700 | 1 |
_aGonzalez de Godoy, Pedro _etr. _921982 |
|
| 902 | _aCFM | ||
| 942 |
_2lcc _cB |
||
| 999 |
_c8471 _d8471 |
||